Examination of the newborn and neonatal health : (Record no. 2378)
[ view plain ]
| 000 -LEADER | |
|---|---|
| fixed length control field | 01455cam a22002657i 4500 |
| 008 - FIXED-LENGTH DATA ELEMENTS--GENERAL INFORMATION | |
| fixed length control field | 210809s2021 stka b 001 0 eng d |
| 020 ## - INTERNATIONAL STANDARD BOOK NUMBER | |
| ISBN | 0702049557 |
| 020 ## - INTERNATIONAL STANDARD BOOK NUMBER | |
| ISBN | 9780702049552 |
| 245 00 - TITLE STATEMENT | |
| Title | Examination of the newborn and neonatal health : |
| Remainder of title | a multidimensional approach / |
| Statement of responsibility, etc | edited by Lorna Davies, RN, RM, BSc (Hons), PGCEA, MA PhD, Academic Manager Nursing, Midwifery and Allied Health Ara Institute of Canterbury, Christchurch, Canterbury, New Zealand, Sharon McDonald, RN, RM, BSc (Hons), PGCEA, MA, PGCE, PFHEA, DClinPrac, Public Health Midwife Smoking Cessation and Healthly Lifestyle Lead Family and Women's Services Princess Alexandra Hospita, Harlow, UK ; foreword by Stephanie Michaelides, Programme Leader Graduate/Post Graudate Certificate in Neonatal Care School of Health and Education, Middlesex University, Hendon, London, UK. |
| 250 ## - EDITION STATEMENT | |
| Edition statement | Second edition. |
| 260 ## - PUBLICATION, DISTRIBUTION, ETC. (IMPRINT) | |
| Place of publication | United State |
| Name of publisher | Elsevier Ltd |
| Date of publication | 2021 |
| 300 ## - COLLATION | |
| Pagination | xi, 286 pages : |
| Other physical details | illustrations (some color) ; |
| 500 ## - GENERAL NOTE | |
| General note | First edition2008 |
| 650 #0 - TRACINGS | |
| Main Subject | Newborn infants |
| Subdivision (2nd) | Medical examinations. |
| 650 #0 - TRACINGS | |
| Main Subject | Newborn infants |
| Subdivision (2nd) | Diseases |
| -- | Diagnosis. |
| 650 #2 - TRACINGS | |
| Main Subject | Infant, Newborn. |
| 650 12 - TRACINGS | |
| Main Subject | Infant, Newborn, Diseases |
| Subdivision (2nd) | diagnosis. |
| 650 #7 - TRACINGS | |
| Main Subject | Newborn infants |
| Subdivision (2nd) | Diseases |
| -- | Diagnosis. |
| 650 #7 - TRACINGS | |
| Main Subject | Newborn infants |
| Subdivision (2nd) | Medical examinations. |
| 700 1# - ADDITIONAL AUTHOR | |
| Additional Author | Davies, Lorna, |
| 700 1# - ADDITIONAL AUTHOR | |
| Additional Author | McDonald, Sharon, |
| 942 ## - ADDED ENTRY ELEMENTS (KOHA) | |
| Item type | Books |
| 050 00 - LIBRARY OF CONGRESS CALL NUMBER | |
| Classification number | RJ255.5 |
| Item number | .E935 2021 |
| 082 04 - DEWEY DECIMAL CLASSIFICATION NUMBER | |
| Classification number | 618.9201 |
| Source of classification or shelving scheme | Not for loan | Permanent location | Current location | Date acquired | Accession No. | Full call number | Barcode. | Koha item type |
|---|---|---|---|---|---|---|---|---|
| Library of Congress Classification | Medical Library | Medical Library | 03/17/2025 | 2024/64033 | RJ255.5.E93 | 2025-0645 | Books |